• 首页
  • 本馆介绍
  • 公告通知
  • 最新文献
  • 馆藏检索
  • 电子资源
  • 读者导购
  • 参考咨询
  • 我的图书馆
  • 登录
  • 详细信息显示
  • 放入我的书架
  • 预约/预借图书
  • 作者相关作品
  • 分类相关作品
  • 丛书相关作品
  • 出版社相关作品

书目信息

  • 表格格式
  • 工作单格式
  • 卡片格式
题名:
地壳应力与地下水动力响应
    
 
作者: 刘春平 著
分册:  
出版信息: 北京   地震出版社  2017.12
页数: 199页
开本: 26cm
丛书名:
单 册:
中图分类: P315.1 , P641.2
科图分类:
主题词: 地应力--研究 , 地下水动力学--研究
电子资源:
ISBN: 978-7-5028-4883-5
000 01054nam0 2200253 450
001 4475
005 20181012095723.17
010    @a978-7-5028-4883-5@dCNY40.00
100    @a20180315d2017 em y0chiy50 ea
101 0  @achi
102    @aCN@b110000
105    @aa z 000yy
200 1  @a地壳应力与地下水动力响应@9di qiao ying li yu di xia shui dong li xiang ying@f刘春平等著
210    @a北京@c地震出版社@d2017.12
215    @a199页@c图@d26cm@e1光盘
314    @a刘春平 (1962-),男,湖南醴陵人,1989年12月国家地震局地质研究所博士研究生毕业。现任防灾科技学院教授、副院长,出版专著《地下水系统规划与管理优化模型》和大学教材2部,主编全国高中实验教材《环境保护》在国内外学术刊物发表论文80多篇。
330    @a本书共9章,主要内容包括:水-岩耦合的流体力学基础、理论固体潮、高频自然力与不排水岩体的水力响应、井水位潮汐水动力响应等。
606 0  @a地应力@x研究
606 0  @a地下水动力学@x研究
690    @aP315.1@v5
690    @aP641.2@v5
701  0 @a刘春平@9liu chun ping@f(1962-)@4著
801  0 @aCN@b91MARC@c20180315
905    @aMuseLib@dP315.1@e139
    
    地壳应力与地下水动力响应/刘春平等著.-北京:地震出版社,2017.12
    199页:图;26cm+1光盘
    
    
    ISBN 978-7-5028-4883-5:CNY40.00
    本书共9章,主要内容包括:水-岩耦合的流体力学基础、理论固体潮、高频自然力与不排水岩体的水力响应、井水位潮汐水动力响应等。
●
相关链接 在E读中查询图书 在五车中查询图书 在当当中查询图书 在豆瓣中查询图书


正题名:地壳应力与地下水动力响应     索取号:P315.1/139         预约/预借

序号 登录号 条形码 馆藏地/架位号 状态 备注
1 1125291   211252918   第二样本阅览室/ [索取号:P315.1/139] 在馆    
2 1125292   211252927   第三借阅区/ [索取号:P315.1/139] 在馆    
3 1125293   211252936   第三借阅区/ [索取号:P315.1/139] 在馆    
4 1125294   211252945   第三借阅区/ [索取号:P315.1/139] 在馆    
5 1125295   211252954   密集书库-资源管理系/ [索取号:P315.1/139] 在馆    
唐山师范学院图书馆 欢迎您!
大连网信软件有限公司© 版权所有